TB OF HISTOLOGY (Record no. 668)
[ view plain ]
| 000 -LEADER | |
|---|---|
| fixed length control field | 00303nam a2200133Ia 4500 |
| 008 - FIXED-LENGTH DATA ELEMENTS--GENERAL INFORMATION | |
| fixed length control field | 150201s2009 xx 000 0 und d |
| 082 ## - DEWEY DECIMAL CLASSIFICATION NUMBER | |
| Classification number | 611 |
| Item number | H09B |
| 100 ## - MAIN ENTRY--PERSONAL NAME | |
| Personal name | BHARIHOKE,VEENA |
| 245 ## - TITLE STATEMENT | |
| Title | TB OF HISTOLOGY |
| 250 ## - EDITION STATEMENT | |
| Edition statement | 2ND |
| 260 ## - PUBLICATION, DISTRIBUTION, ETC. (IMPRINT) | |
| Name of publisher, distributor, etc. | AITBS |
| Place of publication, distribution, etc. | DELHI |
| Date of publication, distribution, etc. | 2009 |
| 650 ## - SUBJECT ADDED ENTRY--TOPICAL TERM | |
| Topical term or geographic name as entry element | HUMAN ANATOMY |
| 942 ## - ADDED ENTRY ELEMENTS (KOHA) | |
| Source of classification or shelving scheme | Dewey Decimal Classification |
| Koha item type | Books |
| Withdrawn status | Lost status | Source of classification or shelving scheme | Damaged status | Not for loan | Collection code | Home library | Current library | Shelving location | Date acquired | Source of acquisition | Cost, normal purchase price | SGTU | Total Checkouts | Full call number | Barcode | Date last seen | Date last checked out | Bill Date | Koha item type | Bill Number |
|---|---|---|---|---|---|---|---|---|---|---|---|---|---|---|---|---|---|---|---|---|
| Dewey Decimal Classification | MEDICAL | SGT Medical Library | SGT Medical Library | Text Book | 26/02/2010 | U.B.S. DELHI | 295.00 | SGTU | 1 | 611 H09B | FM3049 | 17/10/2018 | 17/10/2018 | 26/02/2010 | Books | |||||
| Dewey Decimal Classification | MEDICAL | SGT Medical Library | SGT Medical Library | Text Book | 26/02/2010 | U.B.S. DELHI | 295.00 | SGTU | 611 H09B | FM3050 | 09/02/2015 | 26/02/2010 | Books | |||||||
| Dewey Decimal Classification | MEDICAL | SGT Medical Library | SGT Medical Library | Text Book | 26/02/2010 | U.B.S. DELHI | 534.00 | SGTU | 616.07 H05B | FM3397 | 09/02/2015 | 26/02/2010 | Books | 993 |